000 01024nam a22002537a 4500
003 NALT
005 20240313155912.0
008 240307b th ||||| |||| 00| 1 tha d
020 _a9786161828844
040 _aNALT
041 1 _atha
_hchi
090 _aFIC
_bจ338อ 2562
100 1 _aจ้าวเฉียนเฉียน
_963254
245 1 0 _aอุ่นไอในใจเธอ /
_cจ้าวเฉียนเฉียน ; พันมัย, แปล.
250 _aพิมพ์ครั้งแรก.
260 _aกรุงเทพฯ :
_bอรุณ อมรินทร์พริ้นติ้งแอนด์พับลิชชิ่ง,
_c2562.
300 _a487 หน้า ;
_c21 ซม.
650 4 _aนวนิยายจีน
_96389
700 0 _aพันมัย
_963322
942 _cFIC
_2local
996 _achunbijaya.r
_bCATSTF
_c2024-03-07
996 _asaiphon.d
_bCATSTF
_c2024-03-12
999 _c104845
_d104845
998 _j104
_k สายฝน ดีงาม